Statistiques concernant Les boulangeries dans les 10 plus grandes villes de France

Cliquez ici pour prendre le quiz!

Statistiques générales

  • Ce quiz a été pris 23 fois
  • Le résultat moyen est 5 sur 10

Statistiques - réponses

RangNombre de boucheries1 pour ... habitantsCommune% Correct
36301 386Marseille873 000
100%
117661 215Paris2 146 000
100%
32431 411Nice342 700
68%
43621 483Lyon537 000
64%
61451 724Bordeaux250 000
41%
51751 661Strasbourg290 600
36%
81331 780Lille236 700
32%
71721 763Montpellier303 300
32%
91641 979Nantes324 600
32%
102302 189Toulouse503 500
27%

Distribution des résultats

Percentile par nombre de réponses

% des personnes avec chaque résultat

Votre développement - résultats

Vous n’avez pas pris ce quiz